| 000 | 00568nam a2200181Ia 4500 | ||
|---|---|---|---|
| 005 | 20250508163227.0 | ||
| 008 | 008 250505s9999 xx 000 0 eng d | ||
| 037 | _aTextual | ||
| 040 |
_aFEDL _beng _cFEDL |
||
| 041 |
_aeng _2eng |
||
| 084 |
_a153.93, NCE _qFEDL |
||
| 100 |
_aRamalimgaswami Prabha _9774946 |
||
| 245 | 0 | _aMeasurement of intelligence among adult Indians | |
| 260 |
_aNew Delhi, India _bNational Council of Educational Research and Training _c1975 |
||
| 300 | _avi,130p. | ||
| 942 |
_cTEXL _h153.93, NCE |
||
| 999 |
_c1381636 _d1381636 |
||